| 000 | 00897nam a22002297a 4500 | ||
|---|---|---|---|
| 008 | 131222t2011 ii adk fr|||| 000 0 eng d | ||
| 020 | _a9788122430066 | ||
| 043 | _aa-ii--- | ||
| 082 | 0 | 4 |
_222 _a615.19 _bWAL |
| 100 | 1 |
_934717 _aWal, Ankita |
|
| 245 | 1 | 0 |
_aInorganic pharmaceutical chemistry : _bfor B. pharm. 1st semester : (as per the new syllabus prescribed by GBTU (Lucknow), MMTU (Noida) and AICTE all over India) / _cAnkita Wal, Pranay Wal, Awani K. Rai. |
| 250 | _a1st ed. | ||
| 260 |
_aNew Delhi : _bNew Age International (P.) Limited, Publishers, _cc.2011 _f(Ajit Printers) |
||
| 300 |
_axvi, 166 p. : _bcharts, forms, tables, _c24 cm. |
||
| 490 | 0 | _aNew age | |
| 650 | 0 |
_934720 _aPharmaceutical chemistry _zIndia |
|
| 653 |
_bPharmacy _cDecember2013 |
||
| 655 |
_vreading book _934232 |
||
| 700 | 1 |
_934718 _aWal, Pranay |
|
| 700 | 1 |
_934719 _aRai, Awani K. |
|
| 942 |
_2ddc _cBB _k615.19 WAL |
||
| 999 |
_c17887 _d17859 |
||